BSOP header

The God of second chances : (Record no. 37457)

MARC details
000 -LEADER
fixed length control field 01645cam a22003137a 4500
001 - CONTROL NUMBER
control field 17667960
005 - DATE AND TIME OF LATEST TRANSACTION
control field 20140520110408.0
008 - FIXED-LENGTH DATA ELEMENTS--GENERAL INFORMATION
fixed length control field 130321s2012 oru b 000 0 eng d
020 ## - INTERNATIONAL STANDARD BOOK NUMBER
International Standard Book Number 1620320835
020 ## - INTERNATIONAL STANDARD BOOK NUMBER
International Standard Book Number 9781620320839
042 ## - AUTHENTICATION CODE
Authentication code lccopycat
043 ## - GEOGRAPHIC AREA CODE
Geographic area code n-us-or
050 00 - LIBRARY OF CONGRESS CALL NUMBER
Classification number BS1505.52
Item number .C53 2012
100 1# - MAIN ENTRY--PERSONAL NAME
Personal name Clark, Ron.
245 14 - TITLE STATEMENT
Title The God of second chances :
Remainder of title finding hope through the prophets of exile /
Statement of responsibility, etc Ron Clark.
260 ## - PUBLICATION, DISTRIBUTION, ETC. (IMPRINT)
Place of publication, distribution, etc Eugene, Or. :
Name of publisher, distributor, etc Cascade Books,
Date of publication, distribution, etc c2012.
300 ## - PHYSICAL DESCRIPTION
Extent viii, 180 p. ;
Dimensions 23 cm.
504 ## - BIBLIOGRAPHY, ETC. NOTE
Bibliography, etc Includes bibliographical references (p. 177-180).
505 0# - FORMATTED CONTENTS NOTE
Formatted contents note Meeting the God of second chances -- How did we get here? -- Who were the prophets? -- Jeremiah: God in therapy, working with both for reconciliation -- Obadiah: compassion and empathy in God's house -- Habakkuk: crying out for mercy -- Zephaniah: voices in the heart of the city -- Joel: offering hope during the storm -- Ezekiel: sharing anger, sharing exile, sharing hope -- Haggai: replacing shame with hope in a new life -- Zechariah: continual reminders that develop hope -- Malachi: confronting those who destroy hope -- Jesus, the God of second chances.
600 10 - SUBJECT ADDED ENTRY--PERSONAL NAME
Personal name Clark, Ron.
630 00 - SUBJECT ADDED ENTRY--UNIFORM TITLE
Uniform title Bible.
Name of part/section of a work Prophets
General subdivision Criticism, interpretation, etc.
650 #0 - SUBJECT ADDED ENTRY--TOPICAL TERM
Topical term or geographic name as entry element Jews
General subdivision History
Chronological subdivision Babylonian captivity, 598-515 B.C.
650 #0 - SUBJECT ADDED ENTRY--TOPICAL TERM
Topical term or geographic name as entry element Hope
General subdivision Religious aspects.
650 #0 - SUBJECT ADDED ENTRY--TOPICAL TERM
Topical term or geographic name as entry element Marginality, Social
General subdivision Religious aspects
-- Christianity.
650 #0 - SUBJECT ADDED ENTRY--TOPICAL TERM
Topical term or geographic name as entry element Church work
Geographic subdivision Oregon
-- Portland.
650 #0 - SUBJECT ADDED ENTRY--TOPICAL TERM
Topical term or geographic name as entry element Pastoral counseling
Geographic subdivision Oregon
-- Portland.
942 ## - ADDED ENTRY ELEMENTS (KOHA)
Source of classification or shelving scheme Library of Congress Classification
Item type Books
Holdings
Withdrawn status Lost status Source of classification or shelving scheme Damaged status Not for loan Home library Current library Shelving location Date acquired Source of acquisition Cost, normal purchase price Accession number Total Checkouts Full call number Barcode Date last seen Price effective from Koha item type
    Library of Congress Classification     BSOP Library BSOP Library GC 04/30/2014 Book Depository 940.72 36488   BS1505.2 C54 2012 00044088 04/30/2014 04/30/2014 Books
BSOP

Biblical Seminary of the Philippines
  All rights Reserved
  © 2024

CONTACT INFORMATION

Biblical Seminary of the Philippines,
  77-B Karuhatan Road, Valenzuela City,
  PHILIPPINES 1441
  Phone: +632 8292-6795 / 8292-6798
  Fax : +632 8292-6675
  Email: library@bsop.edu.ph